000 00998nam a2200241Ia 4500
001 735
003 GE_BSU
008 181216s||||||||xx |||||||||||||| ||und||
020 _a9994038980
040 _cGE_BSU
080 _a94(7/8)
245 _aრონალდ რეიგანი და 1980-იანი წლების ამერიკა.
245 _bივ. ჯავახიშვილის სახ. თბილისი სახ. უნ-ტი. ამერიკის შესწავლის საქ-ს ასოციაცია.
260 _aთბილისი
260 _bთბილისის უნ-ტის
260 _c2005
300 _a201 გვ.
541 _h6 ლ.
653 _aაშშ-ს ისტორია, XX ს.;
653 _aაშშ-ს პრეზიდენტები;
653 _aრონალდ რეიგანი და 1980-იანი წლების ამერიკა.
942 _cBK
999 _c34908
_d34908